000 00310nam a22001337a 4500
020 _a04-5000-190708
082 _a894.812.3
_bTHA/K
100 _aTHANNIPPUZHA, SATHYAN
245 _aKUTIKALKULLA RASAKARAMAYA KATHAKAL
250 _a4
300 _a80
650 _aMALAYALAM SHORT STORIES
_zKERALA
942 _cBK
999 _c1273
_d1273